[Event "XXVI. Rhein-Main-Open, Gruppe A"]
[Site "Bad Homburg vor der Höhe"]
[Date "2024.05.29"]
[Round "3"]
[White "Koehlich, Viktor"]
[Black "Griesfeller, Sven"]
[Result "1/2-1/2"]
[WhiteElo "1798"]
[BlackElo "1741"]
[PlyCount "97"]
[EventDate "2024.??.??"]
[WhiteTeam "SC Matt im Park Ffm"]
[BlackTeam "Schachdr. Büdingen-Wächtersbach"]

1. d4 Nf6 2. Nf3 d5 3. c3 c5 4. dxc5 Bf5 5. e3 Qc7 6. b4 e6 7. Bb5+ Nbd7 8. O-O Be7 9. Bb2 O-O 10. Na3 Bg4 11. Bxd7 Nxd7 12. Nb5 Qd8 13. c4 a6 14. Nd6 Bxd6 15. cxd6 dxc4 16. Qd4 Nf6 17. Ne5 Bf5 18. Nxc4 Rc8 19. Rfd1 Rc6 20. Rd2 Qc8 21. Ne5 Rc2 22. Rxc2 Qxc2 23. d7 Qc7 24. Rc1 Qb8 25. Rd1 Rd8 26. Ba3 Bc2 27. Rd2 Ba4 28. b5 Bxb5 29. Be7 Qc7 30. Bxd8 Qxd8 31. e4 h6 32. h3 Kf8 33. Qd6+ Kg8 34. Qc5 Bxd7 35. Nxd7 Nxe4 36. Qd4 Nxd2 37. Qxd2 Qc7 38. Qd4 Qc1+ 39. Kh2 Qc7+ 40. g3 h5 41. h4 Qc2 42. a4 b5 43. axb5 axb5 44. Qb6 Kh7 45. Nf8+ Kg8 46. Nd7 Kh7 47. Ne5 Qf5 48. Nd7 Qc2 49. Nf8+ 1/2-1/2

[Event "XXVI. Rhein-Main-Open, Gruppe A"]
[Site "Bad Homburg vor der Höhe"]
[Date "2024.05.29"]
[Round "3"]
[White "Kuhn, Gerhard"]
[Black "Scheerer, Amelie"]
[Result "1-0"]
[WhiteElo "1989"]
[BlackElo "1734"]
[PlyCount "67"]
[EventDate "2024.??.??"]
[WhiteTeam "SK Marburg 1931/72"]
[BlackTeam "SV 1934 Ffm-Griesheim"]

1. e4 e5 2. Nf3 Nc6 3. Nc3 Nf6 4. Be2 d5 5. exd5 Nxd5 6. O-O Nxc3 7. bxc3 Bd6 8. d4 exd4 9. cxd4 O-O 10. Rb1 Re8 11. c3 Rb8 12. Bg5 f6 13. Be3 Bg4 14. Qb3+ Kh8 15. Ng5 fxg5 16. Bxg4 Bf4 17. Bxf4 gxf4 18. Bf3 Qd6 19. Rfe1 Qd7 20. Qb5 a6 21. Qc5 Rxe1+ 22. Rxe1 Re8 23. Rxe8+ Qxe8 24. Kf1 h6 25. Qf5 Qg8 26. a3 Qc4+ 27. Kg1 Qa2 28. Qc8+ Qg8 29. Qxc7 Qe6 30. h3 Qe1+ 31. Kh2 Qxc3 32. Qc8+ Kh7 33. Be4+ g6 34. Qxb7+ 1-0

[Event "XXVI. Rhein-Main-Open, Gruppe A"]
[Site "Bad Homburg vor der Höhe"]
[Date "2024.05.29"]
[Round "3"]
[White "Lesny, Florian"]
[Black "Nagel, Daniel"]
[Result "1-0"]
[WhiteElo "2227"]
[BlackElo "1928"]
[PlyCount "113"]
[EventDate "2024.??.??"]
[WhiteTeam "SK Bad Homburg 1927"]
[BlackTeam "SF Neuberg"]

1. e4 c5 2. Nf3 d6 3. d4 cxd4 4. Nxd4 Nf6 5. Nc3 g6 6. Be3 Bg7 7. f3 O-O 8. Qd2 Nc6 9. Bc4 Nxd4 10. Bxd4 Be6 11. Bb3 Qa5 12. O-O-O b5 13. Kb1 b4 14. Nd5 Bxd5 15. Bxd5 Nxd5 16. Bxg7 Nc3+ 17. Bxc3 bxc3 18. Qxc3 Qxc3 19. bxc3 Rfc8 20. Rd3 Rab8+ 21. Ka1 Rb5 22. Rb1 Rh5 23. h3 Rg5 24. g4 Rgc5 25. Rb3 h5 26. Kb2 hxg4 27. hxg4 R8c7 28. Rd4 Kg7 29. Ra3 a5 30. Rda4 Rb7+ 31. Kc1 Ra7 32. Kd2 Kf6 33. c4 Kg5 34. Ke3 f5 35. gxf5 gxf5 36. Rb3 fxe4 37. fxe4 Kf6 38. Kd4 e5+ 39. Kd3 Ke6 40. Rb5 Kd7 41. Ra3 Rac7 42. Rbxa5 Rxc4 43. c3 R4c5 44. Rxc5 Rxc5 45. c4 Rc8 46. Ra7+ Kc6 47. Ra6+ Kc7 48. c5 dxc5 49. Kc4 Kd7 50. a4 Rc7 51. Rh6 Kc8 52. Rh8+ Kb7 53. Re8 Kc6 54. Rxe5 Kb6 55. a5+ Ka6 56. Rxc5 Re7 57. Kd5 1-0

[Event "XXVI. Rhein-Main-Open, Gruppe A"]
[Site "Bad Homburg vor der Höhe"]
[Date "2024.05.29"]
[Round "3"]
[White "Lindam, Ingo"]
[Black "Mandalka, Justus"]
[Result "1/2-1/2"]
[WhiteElo "2180"]
[BlackElo "1837"]
[PlyCount "45"]
[EventDate "2024.??.??"]
[WhiteTeam "SC Hilchenbach"]
[BlackTeam "SK Bad Homburg 1927"]

1. d4 d5 2. Nf3 e6 3. Bf4 Nf6 4. Nbd2 c5 5. e3 Nc6 6. c3 Bd6 7. Bg3 O-O 8. Bd3 b6 9. Ne5 Qc7 10. f4 Nd7 11. O-O f5 12. Bh4 Nf6 13. Rf3 Bd7 14. Rh3 Be8 15. Be2 Ne4 16. Nxe4 fxe4 17. Bg4 Bf7 18. Rg3 Nxe5 19. fxe5 Be7 20. Bxe7 Qxe7 21. Qe2 c4 22. Rf1 Bg6 23. Rxf8+ 1/2-1/2

[Event "XXVI. Rhein-Main-Open, Gruppe A"]
[Site "Bad Homburg vor der Höhe"]
[Date "2024.05.29"]
[Round "3"]
[White "Loef, Dirk"]
[Black "Moldenhauer, Lennart"]
[Result "1/2-1/2"]
[WhiteElo "2060"]
[BlackElo "1768"]
[PlyCount "23"]
[EventDate "2024.??.??"]
[WhiteTeam "Sfr.Heidesheim"]
[BlackTeam "SV Oberursel"]

1. e4 g6 2. d4 Bg7 3. Be2 d6 4. Be3 a6 5. Qd2 Nd7 6. Nc3 b5 7. a4 b4 8. Nd1 a5 9. f4 Bb7 10. Nf2 Ngf6 11. Bf3 c5 12. c3 1/2-1/2

[Event "XXVI. Rhein-Main-Open, Gruppe A"]
[Site "Bad Homburg vor der Höhe"]
[Date "2024.05.29"]
[Round "3"]
[White "Mallmann, Bernd"]
[Black "Schulze, Manfred"]
[Result "1/2-1/2"]
[WhiteElo "1862"]
[BlackElo "1887"]
[PlyCount "109"]
[EventDate "2024.??.??"]
[WhiteTeam "Schulschach IGS Trier e.V."]
[BlackTeam "SC Steinbach"]

1. c4 f5 2. g3 Nf6 3. Bg2 g6 4. e3 Bg7 5. Nc3 d6 6. Nge2 e5 7. d3 c6 8. O-O O-O 9. f4 Na6 10. Rb1 Nc5 11. b4 Ne6 12. a4 a6 13. a5 Bd7 14. Na4 Rb8 15. Nb6 Be8 16. h3 Nd7 17. Na4 g5 18. e4 gxf4 19. gxf4 Bh5 20. Bf3 Qh4 21. Bxh5 Qxh5 22. Kh2 Nf6 23. Ng3 Qxd1 24. Rxd1 fxe4 25. fxe5 dxe5 26. dxe4 Rfd8 27. Be3 Bf8 28. c5 Nd4 29. Kg2 Be7 30. Bxd4 Rxd4 31. Rxd4 exd4 32. Nf5 Bf8 33. e5 Nd5 34. Nxd4 Bg7 35. Nf3 Re8 36. Nb6 Nxb6 37. axb6 Rd8 38. Re1 Kf8 39. Kg3 Ke7 40. Kf4 Bh6+ 41. Kg3 Rd3 42. Kg4 Ke6 43. h4 Re3 44. Rd1 Bf8 45. Rd8 Be7 46. Rd4 a5 47. Kf4 Rb3 48. bxa5 h6 49. Rc4 Ra3 50. Ke4 Rxa5 51. Nd4+ Kd7 52. e6+ Ke8 53. Nb3 Ra3 54. Nc1 Bxh4 55. Rd4 1/2-1/2

[Event "XXVI. Rhein-Main-Open, Gruppe A"]
[Site "Bad Homburg vor der Höhe"]
[Date "2024.05.29"]
[Round "3"]
[White "Martin, Reiner"]
[Black "Mueller, Christian"]
[Result "1/2-1/2"]
[WhiteElo "1930"]
[BlackElo "2197"]
[PlyCount "51"]
[EventDate "2024.??.??"]
[WhiteTeam "SC Bad Soden"]
[BlackTeam "SC Windischeschenbach"]

1. d4 d5 2. c4 e6 3. Nc3 Nf6 4. cxd5 exd5 5. Bg5 Bb4 6. Qc2 h6 7. Bh4 g5 8. Bg3 Ne4 9. e3 h5 10. f3 Nxg3 11. hxg3 Nc6 12. O-O-O Be6 13. e4 Qd6 14. exd5 Bxd5 15. Nxd5 Qxd5 16. Bc4 Qd6 17. d5 Ne7 18. Bb5+ Kf8 19. g4 h4 20. Nh3 a6 21. Bc4 b5 22. Bb3 Qc5 23. a3 Qxc2+ 24. Kxc2 Bd6 25. Nxg5 Kg7 26. Ne4 1/2-1/2

[Event "XXVI. Rhein-Main-Open, Gruppe A"]
[Site "Bad Homburg vor der Höhe"]
[Date "2024.05.29"]
[Round "3"]
[White "Mayer, Frank"]
[Black "Schneider, Till"]
[Result "1-0"]
[WhiteElo "2009"]
[BlackElo "1838"]
[PlyCount "57"]
[EventDate "2024.??.??"]
[WhiteTeam "Wiesbadener SV 1885"]
[BlackTeam "SC Brett vorm Kopp Ffm"]

1. e4 e6 2. d4 d5 3. Nd2 Nc6 4. Ngf3 Nf6 5. e5 Nd7 6. Bd3 f6 7. Ng5 fxg5 8. Qh5+ Ke7 9. Nf3 h6 10. Nxg5 hxg5 11. Bxg5+ Nf6 12. Qxh8 Qe8 13. exf6+ gxf6 14. Qxf6+ Kd7 15. Bg6 Qe7 16. Qxe7+ Nxe7 17. Bd3 Nf5 18. Bf6 Ke8 19. O-O-O Kf7 20. Be5 c5 21. c3 Bd7 22. Kb1 c4 23. Be2 a5 24. Bh5+ Ke7 25. h4 b5 26. Bg6 b4 27. g4 Nd6 28. g5 bxc3 29. Bf6# 1-0

[Event "XXVI. Rhein-Main-Open, Gruppe A"]
[Site "Bad Homburg vor der Höhe"]
[Date "2024.05.29"]
[Round "3"]
[White "Minor, Samuel"]
[Black "Krychevskiy, Dmytro"]
[Result "1-0"]
[WhiteElo "2210"]
[BlackElo "1944"]
[PlyCount "131"]
[EventDate "2024.??.??"]
[WhiteTeam "Wiesbadener SV 1885"]
[BlackTeam "SV Oberursel"]

1. e4 e6 2. d4 d5 3. Nc3 Bb4 4. e5 c5 5. Bd2 cxd4 6. Nb5 Be7 7. Qg4 Kf8 8. Nf3 Nc6 9. Nbxd4 Qb6 10. Nxc6 bxc6 11. b3 Ba6 12. Bd3 h5 13. Qf4 Nh6 14. c4 Rd8 15. O-O dxc4 16. Bxc4 Bxc4 17. Qxc4 Nf5 18. Rac1 c5 19. Rfe1 Nd4 20. Nxd4 Rxd4 21. Qe2 g6 22. Be3 Rd5 23. Rc4 Kg7 24. Rec1 Rhd8 25. h3 Qc7 26. f4 a5 27. Qf2 Rc8 28. a3 Qd7 29. Bxc5 Bxc5 30. Rxc5 Rd1+ 31. Rxd1 Qxd1+ 32. Kh2 Rxc5 33. Qxc5 Qxb3 34. Qxa5 h4 35. Qb4 Qg3+ 36. Kh1 g5 37. fxg5 Qxe5 38. Qxh4 Qa1+ 39. Kh2 Qxa3 40. Qd4+ Kg8 41. h4 Qa5 42. Qf6 Qe1 43. g6 fxg6 44. Qxg6+ Kh8 45. Qf6+ Kh7 46. h5 Qe3 47. Qg6+ Kh8 48. h6 Qf4+ 49. Kh3 Qe3+ 50. g3 Qe5 51. Kh4 Qd4+ 52. Kh3 Qe5 53. Qf7 Qa1 54. Kh4 Qe5 55. Qf4 Qa1 56. Kg5 Qc3 57. Qf6+ Qxf6+ 58. Kxf6 Kh7 59. Kxe6 Kxh6 60. Kf5 Kh7 61. g4 Kg7 62. Kg5 Kf7 63. Kh6 Kg8 64. g5 Kh8 65. g6 Kg8 66. g7 1-0

[Event "XXVI. Rhein-Main-Open, Gruppe A"]
[Site "Bad Homburg vor der Höhe"]
[Date "2024.05.29"]
[Round "3"]
[White "Miyake Siqueira, Pedro Henrique"]
[Black "Henrich, Thomas"]
[Result "0-1"]
[WhiteElo "1847"]
[BlackElo "2087"]
[PlyCount "50"]
[EventDate "2024.??.??"]
[WhiteTeam "SK Bad Homburg 1927"]
[BlackTeam "SK Marburg 1931/72"]

1. e4 e6 2. d4 d5 3. Nc3 Bb4 4. e5 Ne7 5. a3 Bxc3+ 6. bxc3 c5 7. Qg4 cxd4 8. Qxg7 Rg8 9. Qxh7 Qc7 10. Ne2 Nbc6 11. f4 dxc3 12. Qd3 d4 13. Nxd4 Nxd4 14. Qxd4 Bd7 15. g3 Qc6 16. Rg1 Nf5 17. Qf2 Qe4+ 18. Qe2 Qd4 19. Qf2 Ba4 20. Bd3 O-O-O 21. Rb1 a5 22. Rg2 Qd5 23. Qe2 Qa2 24. Rb6 Qa1 25. Kd1 Bxc2+ 0-1

[Event "XXVI. Rhein-Main-Open, Gruppe A"]
[Site "Bad Homburg vor der Höhe"]
[Date "2024.05.29"]
[Round "3"]
[White "Nagel, Bernhard"]
[Black "Dornblueth, Christian"]
[Result "1-0"]
[WhiteElo "2192"]
[BlackElo "1937"]
[PlyCount "115"]
[EventDate "2024.??.??"]
[WhiteTeam "Kölner SK Dr. Lasker 1861"]
[BlackTeam "SF Heidelberg"]

1. Nf3 Nf6 2. g3 g6 3. b3 Bg7 4. Bb2 O-O 5. Bg2 c5 6. c4 Nc6 7. O-O b6 8. Nc3 Bb7 9. Nd5 e6 10. Nxf6+ Bxf6 11. Qb1 Rb8 12. e3 Qe7 13. Rd1 d6 14. d4 Rbd8 15. Bc3 Bg7 16. Qb2 f6 17. a3 e5 18. d5 Nb8 19. Nd2 f5 20. Re1 Bc8 21. b4 Nd7 22. f4 e4 23. b5 Bxc3 24. Qxc3 Qg7 25. Qxg7+ Kxg7 26. a4 h6 27. a5 Rf7 28. axb6 axb6 29. Ra8 Nf6 30. Rea1 Rdf8 31. h3 Bb7 32. R8a7 Bc8 33. R7a2 Re8 34. Bf1 Rh8 35. Be2 Re7 36. Nb1 Rf8 37. Nc3 Rb7 38. Ra8 Re7 39. R1a7 Rxa7 40. Rxa7+ Rf7 41. Ra8 Bb7 42. Rb8 Rc7 43. g4 Nd7 44. Re8 Bc8 45. Re6 Nf6 46. Rxd6 fxg4 47. hxg4 Bxg4 48. Rxf6 Bxe2 49. Rxb6 Bxc4 50. d6 Ra7 51. Nxe4 Ra1+ 52. Kf2 Rd1 53. Nxc5 h5 54. Rb8 Rxd6 55. b6 Rd2+ 56. Kg3 Bd5 57. e4 Bc6 58. Rc8 1-0

[Event "XXVI. Rhein-Main-Open, Gruppe A"]
[Site "Bad Homburg vor der Höhe"]
[Date "2024.05.29"]
[Round "3"]
[White "Nagel, Matthias"]
[Black "Varma, Christopher"]
[Result "1/2-1/2"]
[WhiteElo "1881"]
[BlackElo "1936"]
[PlyCount "102"]
[EventDate "2024.??.??"]
[WhiteTeam "SV 1920 Kelsterbach"]
[BlackTeam "SV Oberursel"]

1. Nf3 Nf6 2. c4 b6 3. e3 c5 4. Nc3 Bb7 5. b3 g6 6. Bb2 Bg7 7. Be2 O-O 8. O-O d5 9. Nxd5 Nxd5 10. Bxg7 Nxe3 11. fxe3 Kxg7 12. Qe1 Nd7 13. Rd1 e5 14. d3 Qe7 15. Qc3 Kg8 16. e4 Rae8 17. h3 Nb8 18. Rf2 f5 19. exf5 Rxf5 20. Rdf1 Nc6 21. Qd2 Nd4 22. Nxd4 Rxf2 23. Rxf2 exd4 24. Bf1 Qe3 25. Qxe3 Rxe3 26. Re2 Kf7 27. Rf2+ Ke7 28. Re2 Kd6 29. Rf2 Re7 30. Rf8 Bc6 31. Rf2 a6 32. Rf6+ Kc7 33. a4 Bd7 34. a5 Bc6 35. axb6+ Kxb6 36. Kf2 Rc7 37. Ke2 Ka5 38. Kd2 Kb4 39. Kc2 Ka3 40. g4 a5 41. h4 a4 42. bxa4 Bxa4+ 43. Kd2 Rb7 44. h5 Rb2+ 45. Ke1 gxh5 46. gxh5 Rh2 47. Rh6 Be8 48. Rxh7 Bxh5 49. Rb7 Be8 50. Be2 Ba4 51. Rb6 Rg2 1/2-1/2

[Event "XXVI. Rhein-Main-Open, Gruppe A"]
[Site "Bad Homburg vor der Höhe"]
[Date "2024.05.29"]
[Round "3"]
[White "Neuhoff, Ulrich"]
[Black "Schmitt, Clemens"]
[Result "1-0"]
[WhiteElo "1893"]
[BlackElo "1884"]
[PlyCount "85"]
[EventDate "2024.??.??"]
[WhiteTeam "SK Bad Homburg 1927"]
[BlackTeam "SV Bergwinkel"]

1. Nf3 c5 2. c4 Nc6 3. g3 g6 4. Nc3 Bg7 5. Bg2 e6 6. O-O Nge7 7. Rb1 O-O 8. e3 d5 9. cxd5 exd5 10. d4 Bf5 11. Ra1 c4 12. a3 Rb8 13. b4 b5 14. Ne1 Qb6 15. Nxd5 Nxd5 16. Bxd5 Nxd4 17. exd4 Bxd4 18. Ra2 Rbd8 19. Qf3 Rfe8 20. Bg5 Rxd5 21. Qxd5 Be4 22. Qd7 Bc6 23. Qg4 c3 24. Re2 Ra8 25. Nc2 Bg7 26. Re7 Bd5 27. Rfe1 Be6 28. Qf3 Rf8 29. Be3 Qd6 30. Bc5 Qd2 31. Qe2 Rd8 32. Be3 Qd5 33. Bxa7 Qd6 34. Bc5 Qd2 35. Be3 Qd6 36. Bc5 Qd2 37. Bb6 Rb8 38. Be3 Qd5 39. Rd1 Qe4 40. Qd3 Qa8 41. Bf4 Bc4 42. Qd7 Bf6 43. Bxb8 1-0

[Event "XXVI. Rhein-Main-Open, Gruppe A"]
[Site "Bad Homburg vor der Höhe"]
[Date "2024.05.29"]
[Round "3"]
[White "Nickel, Jonas"]
[Black "Schmid, Roland"]
[Result "1-0"]
[WhiteElo "1908"]
[BlackElo "2197"]
[PlyCount "71"]
[EventDate "2024.??.??"]
[WhiteTeam "Schachdr. Büdingen-Wächtersbach"]
[BlackTeam "SG Post/Süd Regensburg"]

1. e4 c5 2. Nf3 e6 3. d4 cxd4 4. Nxd4 Nf6 5. Bd3 Nc6 6. Nxc6 bxc6 7. O-O d5 8. Nd2 Be7 9. e5 Nd7 10. f4 Ba6 11. c4 Nb6 12. Qf3 g6 13. b3 dxc4 14. Nxc4 O-O 15. Rd1 Nd5 16. Bd2 f6 17. Qg4 f5 18. Qf3 Rb8 19. Rac1 c5 20. Ba5 Qd7 21. Ne3 Nxe3 22. Qxe3 Qc6 23. Rd2 Rfc8 24. Qe2 c4 25. Bxc4 Qc5+ 26. Qf2 Qxa5 27. Bxe6+ Kg7 28. Bxc8 Rxc8 29. Rxc8 Bxc8 30. Rc2 Bb7 31. h3 Be4 32. Rc8 Bb4 33. Kh2 Be1 34. Qb2 a6 35. e6+ Kh6 36. Rc7 1-0

[Event "XXVI. Rhein-Main-Open, Gruppe A"]
[Site "Bad Homburg vor der Höhe"]
[Date "2024.05.29"]
[Round "3"]
[White "Nothnagel, Marian Can"]
[Black "Calvi, Stefan"]
[Result "1-0"]
[WhiteElo "2393"]
[BlackElo "1971"]
[PlyCount "51"]
[EventDate "2024.??.??"]
[WhiteTeam "SK Bickenbach"]
[BlackTeam "SV Oberursel"]

1. e4 c5 2. Nf3 Nc6 3. Bb5 g6 4. Bxc6 dxc6 5. d3 Bg7 6. h3 b6 7. O-O Nh6 8. a4 a5 9. Na3 f6 10. e5 O-O 11. Re1 Nf5 12. Bf4 Nd4 13. Bh2 Qd5 14. Nxd4 cxd4 15. Nc4 Ra6 16. Qd2 h5 17. exf6 Bxf6 18. Be5 Kg7 19. Bxf6+ exf6 20. Re7+ Rf7 21. Rae1 g5 22. Qe2 Ra7 23. Rxa7 Rxa7 24. Nxb6 Qd8 25. Nxc8 Qxc8 26. Qxh5 1-0

[Event "XXVI. Rhein-Main-Open, Gruppe A"]
[Site "Bad Homburg vor der Höhe"]
[Date "2024.05.29"]
[Round "3"]
[White "Novak, Volker"]
[Black "Klemp, Torben"]
[Result "1-0"]
[WhiteElo "2125"]
[BlackElo "1893"]
[PlyCount "87"]
[EventDate "2024.??.??"]
[WhiteTeam "SK Bad Homburg 1927"]
[BlackTeam "SV Oberursel"]

1. c4 e5 2. Nc3 Bb4 3. Nd5 Ba5 4. b4 c6 5. bxa5 cxd5 6. cxd5 Nf6 7. e4 O-O 8. Qa4 b6 9. f3 d6 10. axb6 Qxb6 11. Qb3 Nbd7 12. Qxb6 axb6 13. Bb5 Nc5 14. Bb2 Ba6 15. Bxa6 Rxa6 16. Ke2 Rfa8 17. Nh3 Rxa2 18. Rxa2 Rxa2 19. Ra1 Rxa1 20. Bxa1 Nfd7 21. Nf2 Kf8 22. Bb2 f6 23. Nd1 Na4 24. Ba3 Ke7 25. Kd3 Ndc5+ 26. Kc4 Kd7 27. Kb5 g5 28. Ne3 Ke7 29. Nf5+ Kd7 30. Nh6 Ke7 31. Nf5+ Kd7 32. Nh6 Ke7 33. Kc6 Na6 34. Bxd6+ Ke8 35. Ba3 Nb8+ 36. Kb5 Nc5 37. Kxb6 Nbd7+ 38. Kc7 Nd3 39. Nf5 Ne1 40. Nd6+ Ke7 41. Nf5+ Ke8 42. Ng7+ Kf7 43. Kxd7 Kxg7 44. Ke7 1-0

[Event "XXVI. Rhein-Main-Open, Gruppe A"]
[Site "Bad Homburg vor der Höhe"]
[Date "2024.05.29"]
[Round "3"]
[White "Oezdemir, Ali Oezden"]
[Black "Ziska, Stephan"]
[Result "1-0"]
[WhiteElo "2005"]
[BlackElo "1889"]
[PlyCount "67"]
[EventDate "2024.??.??"]
[WhiteTeam "SK Langen"]
[BlackTeam "SF Bürstadt"]

1. e4 c5 2. Nf3 a6 3. c4 e6 4. Nc3 Nc6 5. d4 cxd4 6. Nxd4 Bb4 7. Qd3 Nf6 8. Bd2 Qb6 9. Nb3 O-O 10. f4 d5 11. e5 Bxc3 12. bxc3 dxc4 13. Qxc4 Nd5 14. Bd3 Bd7 15. g4 Nce7 16. Qe4 f5 17. gxf5 exf5 18. Qd4 Bc6 19. Rg1 Rad8 20. Rb1 Qc7 21. Nc5 Nxf4 22. Qxf4 Ng6 23. Rxg6 hxg6 24. Ne6 Qd7 25. Bc4 Bd5 26. Nxd8 Rxd8 27. Rb6 Qc7 28. Rd6 Bf7 29. Bxf7+ Kxf7 30. Rxd8 Qxd8 31. Qc4+ Kf8 32. Be3 Qd7 33. Bc5+ Ke8 34. Qg8# 1-0

[Event "XXVI. Rhein-Main-Open, Gruppe A"]
[Site "Bad Homburg vor der Höhe"]
[Date "2024.05.29"]
[Round "3"]
[White "Ploder, Udo"]
[Black "Falkenhainer, Sven"]
[Result "1-0"]
[WhiteElo "1936"]
[BlackElo "1843"]
[PlyCount "39"]
[EventDate "2024.??.??"]
[WhiteTeam "SF Braunfels"]
[BlackTeam "SC Bergen-Enkheim 1922"]

1. e4 e6 2. d4 g6 3. Nf3 Bg7 4. Nc3 b6 5. Be3 Bb7 6. Qd2 Ne7 7. Bh6 O-O 8. h4 f5 9. e5 Nd5 10. Nxd5 Bxd5 11. Rh3 Bxf3 12. gxf3 Rf7 13. h5 Qf8 14. hxg6 hxg6 15. O-O-O Bxh6 16. Rxh6 Rg7 17. Bc4 c6 18. Rdh1 Qe7 19. Rh8+ Kf7 20. Qh6 1-0

[Event "XXVI. Rhein-Main-Open, Gruppe A"]
[Site "Bad Homburg vor der Höhe"]
[Date "2024.05.29"]
[Round "3"]
[White "Poetsch, Hagen"]
[Black "Giel, Olaf"]
[Result "1-0"]
[WhiteElo "2462"]
[BlackElo "2083"]
[PlyCount "63"]
[EventDate "2024.??.??"]
[WhiteTeam "SC Heusenstamm"]
[BlackTeam "SF Bremer Osten Bgh. Mahndorf"]

1. e4 c5 2. Ne2 Nc6 3. Nbc3 g6 4. d4 cxd4 5. Nxd4 Bg7 6. Be3 d6 7. Qd2 Nf6 8. f3 h5 9. O-O-O Qa5 10. Nb3 Qd8 11. Bb5 a6 12. Bxc6+ bxc6 13. e5 Nd5 14. Nxd5 cxd5 15. exd6 e6 16. c4 dxc4 17. Nc5 Bd7 18. Bd4 e5 19. Bxe5 f6 20. Bf4 O-O 21. Rhe1 c3 22. Qxc3 Rc8 23. Re7 Qb6 24. Be3 Bh6 25. Qc4+ Kh8 26. Bxh6 Rxc5 27. Bg7+ Kh7 28. Bxf8+ Kh8 29. Bg7+ Kh7 30. Bxf6+ Kh6 31. Bg7+ Kh7 32. Bc3+ 1-0

[Event "XXVI. Rhein-Main-Open, Gruppe A"]
[Site "Bad Homburg vor der Höhe"]
[Date "2024.05.29"]
[Round "3"]
[White "Sassmannshausen, Mark"]
[Black "Hoelss, Manuel"]
[Result "1/2-1/2"]
[WhiteElo "1939"]
[BlackElo "1788"]
[PlyCount "170"]
[EventDate "2024.??.??"]
[WhiteTeam "SV Oberursel"]
[BlackTeam "SSG Hungen-Lich"]

1. e4 e5 2. Nf3 Nc6 3. Bc4 Nf6 4. Ng5 d5 5. exd5 Na5 6. Bb5+ c6 7. dxc6 bxc6 8. Qf3 Be7 9. O-O O-O 10. Bd3 Bg4 11. Qg3 h6 12. Ne4 Nxe4 13. Qxg4 f5 14. Qe2 Bc5 15. Bxe4 fxe4 16. Nc3 Qh4 17. Nxe4 Bb6 18. d3 Rab8 19. Be3 Bxe3 20. Qxe3 Rxb2 21. Qc5 Rb5 22. Qxa7 Rfb8 23. a4 R8b7 24. Qe3 Rb2 25. Qc5 Qd8 26. Qc3 Qd5 27. Nc5 R7b4 28. Na6 Rb6 29. Rae1 Nb7 30. a5 Qxa5 31. Qc4+ Qd5 32. Qxd5+ cxd5 33. Nc7 d4 34. Rxe5 Rxc2 35. Re7 Nc5 36. h4 Nxd3 37. Ne6 Re2 38. Rxg7+ Kh8 39. Nxd4 Re4 40. Nf5 Rf6 41. Rg3 Nf4 42. Re3 Rc4 43. Ng3 Kg7 44. Re4 Rxe4 45. Nxe4 Ne2+ 46. Kh2 Rf4 47. g4 Rxe4 48. f3 Ra4 49. Rb1 Ra2 50. Rb7+ Kf8 51. Rh7 Nf4+ 52. Kg3 Ne2+ 53. Kf2 Nf4+ 54. Ke3 Nd5+ 55. Kd4 Rd2+ 56. Ke5 Ne7 57. Rxh6 Kg7 58. Ra6 Ng6+ 59. Ke4 Nxh4 60. g5 Re2+ 61. Kf4 Ng6+ 62. Kg3 Ne5 63. Re6 Kf7 64. Rf6+ Ke7 65. Kf4 Re1 66. Ra6 Nd3+ 67. Kf5 Re5+ 68. Kg4 Nc5 69. Ra7+ Ke6 70. g6 Kf6 71. f4 Rd5 72. f5 Rxf5 73. Rf7+ Kxg6 74. Rxf5 Ne6 75. Ra5 Kf6 76. Rd5 Nc7 77. Rd6+ Ke5 78. Rd1 Nd5 79. Kf3 Nf6 80. Rg1 Kf5 81. Ra1 Nd5 82. Ra4 Ke5 83. Kg4 Nf6+ 84. Kg5 Ne4+ 85. Kg6 Kf4 1/2-1/2

[Event "XXVI. Rhein-Main-Open, Gruppe A"]
[Site "Bad Homburg vor der Höhe"]
[Date "2024.05.29"]
[Round "3"]
[White "Schmidt, Markus"]
[Black "Pichl, Christoph"]
[Result "1-0"]
[WhiteElo "2137"]
[BlackElo "1837"]
[PlyCount "57"]
[EventDate "2024.??.??"]
[WhiteTeam "SK Niederbrechen 1948"]
[BlackTeam "SK Bad Homburg 1927"]

1. c4 e5 2. g3 Nf6 3. Bg2 c5 4. Nc3 Nc6 5. d3 g6 6. a3 Bg7 7. Rb1 a5 8. Nf3 d6 9. O-O O-O 10. Nd5 Rb8 11. Bg5 Bd7 12. Nd2 h6 13. Nxf6+ Bxf6 14. Bxh6 Bg7 15. Bxg7 Kxg7 16. Ne4 Qe7 17. Nc3 f5 18. Nd5 Qf7 19. b4 b6 20. bxc5 bxc5 21. e3 Rxb1 22. Qxb1 a4 23. Qa1 Na5 24. f4 Qe8 25. Qc3 Nb3 26. Nb6 Bc6 27. fxe5 Kh7 28. Bxc6 Qxc6 29. Nd5 1-0

[Event "XXVI. Rhein-Main-Open, Gruppe A"]
[Site "Bad Homburg vor der Höhe"]
[Date "2024.05.29"]
[Round "3"]
[White "Schmitt, Carsten"]
[Black "Olson, Philip Christoph"]
[Result "1-0"]
[WhiteElo "1947"]
[BlackElo "1792"]
[PlyCount "87"]
[EventDate "2024.??.??"]
[WhiteTeam "SV Bergwinkel"]
[BlackTeam "SC Bad Nauheim"]

1. c4 Nf6 2. g3 b6 3. Bg2 Nc6 4. Nc3 Bb7 5. e4 e5 6. Nge2 d6 7. O-O Be7 8. d3 O-O 9. h3 Qd7 10. Be3 Nd8 11. f4 c5 12. f5 a6 13. g4 b5 14. Ng3 b4 15. Nce2 Nc6 16. g5 Ne8 17. f6 gxf6 18. gxf6 Bxf6 19. Bh6 Bg7 20. Nf5 Qe6 21. Bg5 Bf6 22. Be3 Ne7 23. Nh6+ Kh8 24. Ng3 Ng8 25. Nhf5 Ng7 26. Nh5 Bc8 27. Qg4 Nxh5 28. Qxh5 Ra7 29. Rf3 Ne7 30. Nh6 Ng6 31. Raf1 Bg7 32. Nf5 Rg8 33. Kh1 Bf8 34. Nh6 Bxh6 35. Bxh6 Nf4 36. Bxf4 exf4 37. Rxf4 Rg6 38. Rh4 h6 39. Rhf4 Kg7 40. Qf3 Re7 41. Qf2 Bb7 42. Rf3 a5 43. h4 f6 44. Bh3 1-0

[Event "XXVI. Rhein-Main-Open, Gruppe A"]
[Site "Bad Homburg vor der Höhe"]
[Date "2024.05.29"]
[Round "3"]
[White "Schmitt, Hans Walter"]
[Black "von Wahden, Jens"]
[Result "0-1"]
[WhiteElo "2028"]
[BlackElo "1930"]
[PlyCount "60"]
[EventDate "2024.??.??"]
[WhiteTeam "SC Bad Soden"]
[BlackTeam "SV Oberursel"]

1. d4 Nf6 2. Nc3 d5 3. Bf4 c5 4. e3 cxd4 5. exd4 a6 6. Bd3 Nc6 7. Nge2 Bg4 8. f3 Bh5 9. g4 Bg6 10. h4 Bxd3 11. Qxd3 e6 12. h5 Nd7 13. O-O-O b5 14. Rhe1 Nb6 15. Nxb5 axb5 16. Qxb5 Rc8 17. Kb1 Nc4 18. Nc3 Be7 19. h6 g5 20. Be5 O-O 21. Bg3 Bd6 22. Bxd6 Qxd6 23. Ne4 Qe7 24. Qc5 dxe4 25. Qxc4 Rfd8 26. c3 Nxd4 27. Qb4 Qxb4 28. cxb4 Nxf3 29. Rxd8+ Rxd8 30. Rxe4 Nd2+ 0-1

[Event "XXVI. Rhein-Main-Open, Gruppe A"]
[Site "Bad Homburg vor der Höhe"]
[Date "2024.05.29"]
[Round "3"]
[White "Schroeder, Juergen"]
[Black "Wilk, Jan"]
[Result "1-0"]
[WhiteElo "2017"]
[BlackElo "1874"]
[PlyCount "49"]
[EventDate "2024.??.??"]
[WhiteTeam "SC Matt im Park Ffm"]
[BlackTeam "SC Bellheim"]

1. e4 e6 2. d3 d5 3. Nd2 Nf6 4. Ngf3 c5 5. g3 Nc6 6. Bg2 b5 7. exd5 exd5 8. O-O Be7 9. c4 bxc4 10. dxc4 Be6 11. Ng5 Bf5 12. cxd5 Nxd5 13. Nb3 Ncb4 14. a3 Nd3 15. Nxf7 Kxf7 16. Qf3 Ke6 17. Bd2 Qd6 18. Ba5 Rab8 19. Nd2 Nf6 20. Nc4 Be4 21. Rfe1 Nxe1 22. Rxe1 Qd5 23. Nd2 Kd7 24. Nxe4 Qb3 25. Nxf6+ 1-0

[Event "XXVI. Rhein-Main-Open, Gruppe A"]
[Site "Bad Homburg vor der Höhe"]
[Date "2024.05.29"]
[Round "3"]
[White "Schultze, Joerg Martin"]
[Black "Wanie, Karsten"]
[Result "0-1"]
[WhiteElo "1936"]
[BlackElo "2023"]
[PlyCount "72"]
[EventDate "2024.??.??"]
[WhiteTeam "SF Braunfels"]
[BlackTeam "SC Matt im Park Ffm"]

1. d4 d5 2. c4 e6 3. Nc3 a6 4. cxd5 exd5 5. g3 c6 6. Bg2 h6 7. Qc2 Nf6 8. Nf3 Be7 9. O-O O-O 10. Ne5 Re8 11. Bf4 Nbd7 12. Rad1 Nf8 13. h3 Be6 14. g4 Qc8 15. Bg3 h5 16. f4 Qd8 17. g5 Ne4 18. Nxe4 dxe4 19. Bxe4 Bxh3 20. Qb3 Be6 21. d5 Bc5+ 22. Kg2 cxd5 23. Bxd5 Qb6 24. Qf3 g6 25. f5 Bxd5 26. Rxd5 Re7 27. fxg6 fxg6 28. Nf7 Rae8 29. Be5 Qe6 30. Nh6+ Kh7 31. Rxc5 Nd7 32. Rc3 Nxe5 33. Qf6 Qd5+ 34. Kg3 Nd7 35. Ng4 hxg4 36. Rcf3 Nxf6 0-1